Κατάλογος Βιβλιοθηκών Mediterranean College

Εκδήλωση: Οι Νέες Προκλήσεις στην Προστασία των Προσωπικών Δεδομένων / Επιστολή Ε.Β.Ε.Α. προς του Υπουργό Υποδομών και Μεταφορών για τα Διόδια Βαρυμπόμπης - Αγ. Στεφάνου (Record no. 8993)

MARC details
000 -LEADER
fixed length control field 01682cam a22001814a 4500
005 - ΗΜΕΡΟΜΗΝΙΑ ΚΑΙ ΩΡΑ ΤΕΛΕΥΤΑΙΑΣ ΕΝΗΜΕΡΩΣΗΣ
Πεδίο ελέγχου 20250605164349.0
008 - FIXED-LENGTH DATA ELEMENTS--GENERAL INFORMATION
Πεδίο ελέγχου σταθερού μήκους 250528s ||||||||||||||||||||||||d
035 ## - SYSTEM CONTROL NUMBER
System control number 24094
040 ## - ΠΗΓΗ ΚΑΤΑΛΟΓΟΓΡΑΦΗΣΗΣ
Φορέας πρωτότυπης καταλογογράφησης MC Athens Campus Library
Γλώσσα καταλογογράφησης Ελληνικά, Μοντέρνα (1453-)
Modifying agency MC Athens Campus Library
Κανόνες περιγραφικής καταλογογράφησης AACR2
245 1# - ΤΙΤΛΟΣ ΚΑΙ ΔΗΛΩΣΗ ΥΠΕΥΘΥΝΟΤΗΤΑΣ
Τίτλος Εκδήλωση: Οι Νέες Προκλήσεις στην Προστασία των Προσωπικών Δεδομένων / Επιστολή Ε.Β.Ε.Α. προς του Υπουργό Υποδομών και Μεταφορών για τα Διόδια Βαρυμπόμπης - Αγ. Στεφάνου
260 ## - PUBLICATION, DISTRIBUTION, ETC.
Name of publisher, distributor, etc. Εμπορικό Και Βιομηχανικό Επιμελητήριο Αθηνών,
Date of publication, distribution, etc. 2018
300 ## - PHYSICAL DESCRIPTION
Extent 64
520 ## - SUMMARY, ETC.
Summary, etc. Επίσκεψη της Νέας Διοικητικής Επιτροπής της Κ.Ε.Ε. στον Πρόεδρο της Δημοκρατίας, Επιχειρηματική Αποστολή στην Αιθιοπία, Οι Προοπτικές Επιχειρηματικής Συνεργασίας Μεταξύ Ελλάδας και Δημοκρατίας της Κορέας, Στο Τραπέζι του Eurogroup οι Προτάσεις για την Ελάφρυνση του Χρέους, Σε Τροχιά Ανάπτυξης η Ελληνική Οικονομία και το 2018, Eurostat: Στο Μισό του Ευρωπαϊκού το Κόστος Εργασίας στην Ελλάδα - Επιμένει η Ανεργία, Διατηρείται η Δυναμική των Ελληνικών Εξαγωγών, Νέα Σειρά Έργων στην Αττική.
700 1# - ΠΡΟΣΘΕΤΗ ΑΝΑΓΡΑΦΗ--ΦΥΣΙΚΟ ΠΡΟΣΩΠΟ
Personal name Μίχαλος Κωνσταντίνος
9 (RLIN) 4319
942 ## - ADDED ENTRY ELEMENTS (KOHA)
Koha item type Περιοδικά Δημοσιεύματα
Holdings
Τύπος τεκμηρίου Βιβλιοθήκη Τρέχουσα τοποθεσία Barcode Ημερομηνία απόκτησης Ταξιθετικό σύμβολο Αριθμός αντιτύπου Αρίθμηση σειρών / χρονολογία Κατάσταση απόσυρσης Κατάσταση χαμένου Κατάσταση κατεστραμμένου Μη δανεισμός Σύνολο δανεισμών Ημερομηνία τελευταίας εμφάνισης Η τιμή ισχύει από
Περιοδικά Δημοσιεύματα MC Athens Campus Library MC Athens Campus Library 9780000089922 05/06/2025 ΑΝΑΠΤΥΞΗ 1 4           05/06/2025 05/06/2025

MC Athens Campus Library
Πατησίων 94 & Κοδριγκτώνος 13, 104 34
Πελλήνης 8 & Πατησίων 107, 112 51
Τ: +30 210 8899600

MC Thessaloniki Campus Library
Ίωνος Δραγούμη 21, 54625 | Ίωνος Δραγούμη 15, 54625
Τ: +30 2310 287779 – Τ: +30 2314 440300